Obchodní nauka /

Hlavní autor: Hes, Aleš
Korporativní autor: Česká zemědělská univerzita v Praze. Katedra obchodu a financí
Další autoři: Hrubá, Daniela, Regnerová, Marta
Jazyk: Čeština
Vydáno: Praha : Credit, 2004
Vydání: Vyd. 5. přeprac.
Témata:
Fyzický popis: 278, iv s. ; 29 cm
Knihy
Uloženo v:
LEADER 01869nam a2200421 a 4500
001 000716495
003 CZ BrMZK
005 20090923155030.0
007 ta
008 040518s2004 xr e p 000 0 cze d
015 |a cnb001310436 
020 |a 80-213-1155-X  |q (brož.) :  |c Kč 119,00 
035 |a (OCoLC)44526001 
040 |a BOA001  |b cze 
072 7 |a 339.3  |x Vnitřní obchod  |2 Konspekt  |9 4 
072 7 |a 37.016  |x Učební osnovy. Vyučovací předměty. Učebnice  |2 Konspekt  |9 22 
080 |a 339.3  |2 MRF 
080 |a (075.8)  |2 MRF 
100 1 |a Hes, Aleš  |7 ola2003206341  |4 aut 
245 1 0 |a Obchodní nauka /  |c Aleš Hes, Marta Regnerová, Daniela Hrubá 
250 |a Vyd. 5. přeprac. 
260 |a Praha :  |b Credit,  |c 2004 
300 |a 278, iv s. ;  |c 29 cm 
500 |a 600 výt. 
500 |a Vydavatel: Česká zemědělská univerzita v Praze. Provozně ekonomická fakulta. Katedra obchodu a financí 
504 |a Obsahuje bibliografii 
521 |a Určeno pro posluchače všech oborů 
650 0 7 |a vnitřní obchod  |7 ph127153  |2 czenas 
655 7 |a učebnice vysokých škol  |7 fd133772  |2 czenas 
700 1 |a Hrubá, Daniela  |7 mzk2003165622  |4 aut 
700 1 |a Regnerová, Marta  |7 mzk2003165623  |4 aut 
710 2 |a Česká zemědělská univerzita v Praze.  |b Katedra obchodu a financí  |7 kn20020321631 
910 |a BOA001  |b 3-1135.382 
990 |a BK 
996 6 |b 2610220880  |c 3-1135.382  |l MZK  |r Sklad / do 1 hodiny  |n 2  |p p.v.  |w 000716495  |u 000010  |a 1  |e BOA001  |j MZK50  |s P 
996 7 |b 2610253454  |c 3-1135.382  |l MZK  |r Sklad / do 1 hodiny  |n 17  |p p.v. dotisk 2005  |w 000716495  |u 000020  |a 1  |e BOA001  |j MZK50  |s A 
996 7 |b 2610279906  |c 3-1135.382  |l MZK  |r Sklad / do 1 hodiny  |n 17  |p p.v. 2. dotisk 2006  |w 000716495  |u 000030  |a 1  |e BOA001  |j MZK50  |s A 
996 7 |b 2610302475  |c 3-1135.382  |l MZK  |r Sklad / do 1 hodiny  |n 12  |p p.v. 3. dotisk 2006  |w 000716495  |u 000040  |a 1  |e BOA001  |j MZK50  |s A